| Tag |
First Indicator |
Second Indicator |
Subfields |
| LEADER |
00000cam a22000001 4500 |
| 001 |
in00000268564 |
| 005 |
20171111064410.0 |
| 008 |
740606s1968 nyu b 00010 eng |
| 010 |
|
|
|a 67023138
|
| 035 |
|
|
|a (OCoLC)00268957
|
| 035 |
|
|
|9 ABE4937AM
|
| 040 |
|
|
|a DLC
|c DLC
|d TXA
|d UtOrBLW
|
| 049 |
|
|
|a TXAM
|c [917284]
|
| 050 |
0 |
0 |
|a B818
|b .W66
|
| 082 |
0 |
|
|a 146/.7/09/034
|
| 100 |
1 |
|
|a Wilshire, Bruce W.,
|d 1932-
|
| 245 |
1 |
0 |
|a Romanticism and evolution :
|b the nineteenth century /
|c an anthology selected, edited, and with an introd. by Bruce Wilshire.
|
| 264 |
|
1 |
|a New York :
|b Putnam,
|c [1968]
|
| 300 |
|
|
|a 320 pages ;
|c 22 cm.
|
| 336 |
|
|
|a text
|b txt
|2 rdacontent
|
| 337 |
|
|
|a unmediated
|b n
|2 rdamedia
|
| 338 |
|
|
|a volume
|b nc
|2 rdacarrier
|
| 490 |
1 |
|
|a The spirit of Western civilization,
|v 6
|
| 504 |
|
|
|a Bibliography: pages 318-320.
|
| 650 |
|
0 |
|a Evolution.
|
| 650 |
|
0 |
|a Romanticism.
|
| 650 |
|
0 |
|a Philosophy, Modern
|y 19th century.
|
| 830 |
|
0 |
|a Spirit of Western civilization ;
|v 6.
|
| 999 |
|
|
|a MARS
|
| 999 |
f |
f |
|s 04237385-39ee-320f-a5ba-8828785f198e
|i 20126b7a-78fa-3954-8e55-31cef6f552f5
|t 0
|
| 952 |
f |
f |
|p ric
|a Texas A&M University
|b Rellis Campus
|c Joint Library Facility
|d Remote Storage
|t 0
|e B818 .W66
|h Library of Congress classification
|i unmediated -- volume
|m A14801602022
|
| 998 |
f |
f |
|a B818 .W66
|t 0
|l Remote Storage
|